<?xml version="1.0" encoding="UTF-8"?>
<record
    xmlns:xsi="http://www.w3.org/2001/XMLSchema-instance"
    xsi:schemaLocation="http://www.loc.gov/MARC21/slim http://www.loc.gov/standards/marcxml/schema/MARC21slim.xsd"
    xmlns="http://www.loc.gov/MARC21/slim">

  <leader>00308nam a22001217a 4500</leader>
  <datafield tag="040" ind1=" " ind2=" ">
    <subfield code="c">SK</subfield>
  </datafield>
  <datafield tag="082" ind1=" " ind2=" ">
    <subfield code="a">349</subfield>
  </datafield>
  <datafield tag="100" ind1=" " ind2=" ">
    <subfield code="a">&#x179F;&#x17B7;&#x179A;&#x17B8; &#x1798;&#x17C9;&#x17B6;&#x179A;&#x178C;&#x17B8;</subfield>
  </datafield>
  <datafield tag="245" ind1=" " ind2=" ">
    <subfield code="a">English; &#x1797;&#x17B6;&#x179F;&#x17B6;&#x17A2;&#x1784;&#x17CB;&#x1782;&#x17D2;&#x179B;&#x17C1;&#x179F; (&#x1786;&#x1798;&#x17B6;&#x179F;&#x1791;&#x17B8;&#x17E2;)</subfield>
  </datafield>
  <datafield tag="260" ind1=" " ind2=" ">
    <subfield code="a">RUA</subfield>
    <subfield code="b">&#x179F;&#x17B7;&#x179A;&#x17B8;</subfield>
    <subfield code="c">2008</subfield>
  </datafield>
  <datafield tag="300" ind1=" " ind2=" ">
    <subfield code="a">45p.</subfield>
  </datafield>
  <datafield tag="942" ind1=" " ind2=" ">
    <subfield code="c">KB</subfield>
  </datafield>
  <datafield tag="999" ind1=" " ind2=" ">
    <subfield code="c">10255</subfield>
    <subfield code="d">10255</subfield>
  </datafield>
  <datafield tag="952" ind1=" " ind2=" ">
    <subfield code="0">0</subfield>
    <subfield code="1">0</subfield>
    <subfield code="4">0</subfield>
    <subfield code="6">349_000000000000000_&#x179F;&#x17B7;&#x179A;&#x17B8;_2008_C020_OR</subfield>
    <subfield code="7">0</subfield>
    <subfield code="9">52821</subfield>
    <subfield code="a">LBC</subfield>
    <subfield code="b">LBC</subfield>
    <subfield code="c">C020</subfield>
    <subfield code="d">2016-09-23</subfield>
    <subfield code="o">349 &#x179F;&#x17B7;&#x179A;&#x17B8; 2008 C020 Or.</subfield>
    <subfield code="p">A02280</subfield>
    <subfield code="r">2016-09-23</subfield>
    <subfield code="y">KB</subfield>
  </datafield>
  <datafield tag="952" ind1=" " ind2=" ">
    <subfield code="0">0</subfield>
    <subfield code="1">0</subfield>
    <subfield code="4">0</subfield>
    <subfield code="6">349_000000000000000_&#x179F;&#x17B7;&#x179A;&#x17B8;_2008_C020_OR</subfield>
    <subfield code="7">0</subfield>
    <subfield code="9">52822</subfield>
    <subfield code="a">LBC</subfield>
    <subfield code="b">LBC</subfield>
    <subfield code="c">C020</subfield>
    <subfield code="d">2016-09-23</subfield>
    <subfield code="o">349 &#x179F;&#x17B7;&#x179A;&#x17B8; 2008 C020 Or.</subfield>
    <subfield code="p">A01302</subfield>
    <subfield code="r">2016-09-26</subfield>
    <subfield code="y">KB</subfield>
  </datafield>
</record>
